| 000 | 00998nam a22002057a 4500 | ||
|---|---|---|---|
| 003 | IT-MiCISF | ||
| 005 | 20250626152911.0 | ||
| 008 | 170123b xxu||||| |||| 00| 0 eng d | ||
| 040 | _cIT-MiCISF | ||
| 041 | _ait | ||
| 100 |
_aCirillo Francesca M.R. (et al) _956136 |
||
| 245 |
_aFigli & dintorni. _bIl consulente familiare a supporto della genitorialità |
||
| 260 |
_bA.I.C.C.e F., _c2024 |
||
| 300 | _app. 234 | ||
| 500 | _aconsulenza, genitorialità, educazione-familiare, adolescenza, divorzio | ||
| 650 |
_aConsulenza-familiare _956036 |
||
| 654 | _aantologia | ||
| 700 |
_aDi Eugenio T., Martinenghi S., Monaci D., Sgambati A., Sinigaglia S., _aVella A.M., Belletti F., Rossi R., Roberto R., Marozzi Bonzi P., Campana D., _aFucecchi A., Tessitore Galati V., Marri Caruso O., Margiotta P., Qualiano M., _aSiccardi A., De Gregorio C., Lancini M., Giornelli G., Graffeo C., Milani L., _aTordi G., Mammarella M., Marini S., Mazzeo F., Pellai A., Hawker S., _956137 |
||
| 942 |
_2ddc _cDD |
||
| 999 |
_c336397 _d336397 |
||